| 000 | 00390nam a2200169Ia 4500 | ||
|---|---|---|---|
| 008 | 230524s9999 xx 000 0 und d | ||
| 020 | _a8187328649 | ||
| 082 |
_a4 _bRAD |
||
| 100 | _aP.Radha Ganesan | ||
| 245 | 0 | _aProgramming with C++ | |
| 250 | _a1ST | ||
| 260 |
_aNEW DELHI _bScitech _c2002 |
||
| 300 | _aXV;523 | ||
| 500 | _aQuantity Number: 3 | ||
| 650 | _aComp-Sc | ||
| 942 | _cBK | ||
| 999 |
_c22515 _d22515 |
||